000 00210nmm a2200085Ia 4500
008 150209s2015||||xx |||||||||||||||||und||
100 _aHENRY'S
245 _aDENRY'S CLINICAL DIAGNOSIS & MANAGEMENT
942 _2ddc
_cCD
999 _c5992
_d5992